<?xml version="1.0" encoding="UTF-8"?>
<resp>
  <nextPage>https://data.bn.org.pl/api/networks/bibs.marcxml?marc=001+b1000002598144&amp;sinceId=1000002598145</nextPage>
  <collection>
    <record xmlns='http://www.loc.gov/MARC21/slim'><leader>04664nam a2201141 i 4500</leader><controlfield tag='001'>b1000002598144</controlfield><controlfield tag='005'>20260521083826.1</controlfield><controlfield tag='008'>220624s2021    pl co        |000 0apol  </controlfield><controlfield tag='009'>9912734656905606</controlfield><datafield ind1=' ' ind2=' ' tag='015'><subfield code='a'>UWD 2022/21714</subfield></datafield><datafield ind1=' ' ind2=' ' tag='020'><subfield code='a'>9788376574127</subfield><subfield code='q'>(oprawa miękka ;</subfield><subfield code='q'>Prymat)</subfield></datafield><datafield ind1=' ' ind2=' ' tag='035'><subfield code='a'>xx005349200</subfield></datafield><datafield ind1=' ' ind2=' ' tag='035'><subfield code='a'>(PL)b1000002598144</subfield></datafield><datafield ind1=' ' ind2=' ' tag='040'><subfield code='a'>WA N</subfield><subfield code='c'>WA N</subfield><subfield code='d'>WA N</subfield><subfield code='d'>KR U</subfield><subfield code='d'>WA N</subfield><subfield code='d'>LUBL KUL</subfield><subfield code='d'>WA N</subfield><subfield code='d'>POZN M</subfield><subfield code='d'>WA N</subfield></datafield><datafield ind1='0' ind2=' ' tag='041'><subfield code='a'>pol</subfield><subfield code='b'>eng</subfield><subfield code='b'>fre</subfield></datafield><datafield ind1='2' ind2=' ' tag='045'><subfield code='b'>d1937</subfield><subfield code='b'>d2019</subfield></datafield><datafield ind1=' ' ind2=' ' tag='046'><subfield code='k'>2018</subfield><subfield code='l'>2021</subfield></datafield><datafield ind1=' ' ind2=' ' tag='080'><subfield code='8'>1.1\x</subfield><subfield code='a'>82(091)+82.01/.09</subfield></datafield><datafield ind1=' ' ind2=' ' tag='080'><subfield code='8'>1.2\x</subfield><subfield code='a'>94(438).08</subfield></datafield><datafield ind1=' ' ind2=' ' tag='080'><subfield code='8'>1.3\x</subfield><subfield code='a'>(047)</subfield></datafield><datafield ind1=' ' ind2=' ' tag='084'><subfield code='a'>10</subfield></datafield><datafield ind1='1' ind2=' ' tag='100'><subfield code='a'>Krukowska, Halina</subfield><subfield code='d'>(1937-2019)</subfield><subfield code='e'>Wywiad</subfield></datafield><datafield ind1='1' ind2='0' tag='245'><subfield code='a'>Halina Krukowska :</subfield><subfield code='b'>człowiek to przepaść, której nie można zasypać /</subfield><subfield code='c'>z profesor Haliną Krukowską rozmawia Łukasz Zabielski.</subfield></datafield><datafield ind1='3' ind2='0' tag='246'><subfield code='a'>Człowiek to przepaść, której nie można zasypać</subfield></datafield><datafield ind1=' ' ind2=' ' tag='260'><subfield code='a'>Białystok :</subfield><subfield code='b'>Wydawnictwo Prymat Mariusz Śliwowski :</subfield><subfield code='b'>Wydział Filologiczny. Uniwersytet w Białymstoku,</subfield><subfield code='c'>2021.</subfield></datafield><datafield ind1=' ' ind2=' ' tag='300'><subfield code='a'>54, [3] strony :</subfield><subfield code='b'>fotografie, portret ;</subfield><subfield code='c'>21 cm.</subfield></datafield><datafield ind1=' ' ind2=' ' tag='336'><subfield code='a'>Tekst</subfield><subfield code='b'>txt</subfield><subfield code='2'>rdacontent</subfield></datafield><datafield ind1=' ' ind2=' ' tag='337'><subfield code='a'>Bez urządzenia pośredniczącego</subfield><subfield code='b'>n</subfield><subfield code='2'>rdamedia</subfield></datafield><datafield ind1=' ' ind2=' ' tag='338'><subfield code='a'>Wolumin</subfield><subfield code='b'>nc</subfield><subfield code='2'>rdacarrier</subfield></datafield><datafield ind1=' ' ind2=' ' tag='380'><subfield code='a'>Książki</subfield></datafield><datafield ind1=' ' ind2=' ' tag='380'><subfield code='a'>Literatura faktu, eseje, publicystyka</subfield></datafield><datafield ind1='1' ind2=' ' tag='388'><subfield code='a'>2001-</subfield></datafield><datafield ind1='1' ind2=' ' tag='490'><subfield code='a'>Prelekcje Mistrzów Wydziału Filologicznego Uniwersytetu w Białymstoku ;</subfield><subfield code='v'>21</subfield></datafield><datafield ind1=' ' ind2=' ' tag='500'><subfield code='a'>Na stronie redakcyjnej: Prelekcja 21.</subfield></datafield><datafield ind1=' ' ind2=' ' tag='546'><subfield code='a'>Streszczenia w języku angielskim i francuskim.</subfield></datafield><datafield ind1='1' ind2='7' tag='600'><subfield code='a'>Krukowska, Halina</subfield><subfield code='d'>(1937-2019)</subfield><subfield code='2'>DBN</subfield></datafield><datafield ind1=' ' ind2='7' tag='648'><subfield code='a'>1901-2000</subfield><subfield code='2'>DBN</subfield></datafield><datafield ind1=' ' ind2='7' tag='648'><subfield code='a'>2001-</subfield><subfield code='2'>DBN</subfield></datafield><datafield ind1=' ' ind2='7' tag='650'><subfield code='a'>Literatura polska</subfield><subfield code='2'>DBN</subfield></datafield><datafield ind1=' ' ind2='7' tag='650'><subfield code='a'>Literaturoznawcy</subfield><subfield code='2'>DBN</subfield></datafield><datafield ind1=' ' ind2='7' tag='651'><subfield code='a'>Polska</subfield><subfield code='2'>DBN</subfield></datafield><datafield ind1=' ' ind2='7' tag='655'><subfield code='a'>Wywiad-rzeka</subfield><subfield code='2'>DBN</subfield></datafield><datafield ind1=' ' ind2=' ' tag='658'><subfield code='a'>Historia</subfield></datafield><datafield ind1=' ' ind2=' ' tag='658'><subfield code='a'>Literaturoznawstwo</subfield></datafield><datafield ind1='1' ind2=' ' tag='700'><subfield code='a'>Zabielski, Łukasz</subfield><subfield code='d'>(1985- )</subfield><subfield code='e'>Wywiad</subfield></datafield><datafield ind1='2' ind2=' ' tag='710'><subfield code='a'>Wydział Filologiczny (Uniwersytet w Białymstoku)</subfield><subfield code='e'>Wydawca</subfield><subfield code='4'>pbl</subfield></datafield><datafield ind1='2' ind2=' ' tag='710'><subfield code='a'>Wydawnictwo Prymat, Mariusz Śliwowski</subfield><subfield code='e'>Wydawca</subfield><subfield code='4'>pbl</subfield></datafield><datafield ind1=' ' ind2='0' tag='830'><subfield code='a'>Prelekcje Mistrzów</subfield><subfield code='v'>21</subfield></datafield><datafield ind1=' ' ind2=' ' tag='852'><subfield code='b'>48OMNIS_ZNO</subfield><subfield code='8'>991001216019707663</subfield></datafield><datafield ind1=' ' ind2=' ' tag='852'><subfield code='8'>22710453410005066</subfield><subfield code='j'>1</subfield><subfield code='h'>3.616.180</subfield><subfield code='b'>BN_PL</subfield><subfield code='p'>30001031931203</subfield><subfield code='c'>bk8</subfield></datafield><datafield ind1=' ' ind2=' ' tag='852'><subfield code='b'>48OMNIS_MPL</subfield><subfield code='8'>991002596497805069</subfield></datafield><datafield ind1=' ' ind2=' ' tag='852'><subfield code='8'>22835284670008343</subfield><subfield code='j'>1</subfield><subfield code='b'>BG</subfield><subfield code='p'>1101353160</subfield><subfield code='c'>90000</subfield></datafield><datafield ind1=' ' ind2=' ' tag='852'><subfield code='8'>22736335710008834</subfield><subfield code='j'>1</subfield><subfield code='b'>PAU</subfield><subfield code='p'>1700150241</subfield><subfield code='c'>PAU_MAG_G</subfield></datafield><datafield ind1=' ' ind2=' ' tag='852'><subfield code='b'>48OMNIS_NETWORK</subfield><subfield code='8'>9912734656905606</subfield></datafield><datafield ind1=' ' ind2=' ' tag='852'><subfield code='b'>48OMNIS_NLOP</subfield><subfield code='8'>991053020631605066</subfield></datafield><datafield ind1=' ' ind2=' ' tag='852'><subfield code='b'>48OMNIS_PAU</subfield><subfield code='8'>991000369309708834</subfield></datafield><datafield ind1=' ' ind2=' ' tag='852'><subfield code='8'>22423362520006926</subfield><subfield code='j'>1</subfield><subfield code='h'>MG_bg</subfield><subfield code='b'>TORU</subfield><subfield code='p'>300052407852</subfield><subfield code='c'>MG_bg</subfield></datafield><datafield ind1=' ' ind2=' ' tag='852'><subfield code='8'>22152583460007661</subfield><subfield code='j'>1</subfield><subfield code='b'>10000</subfield><subfield code='p'>1011336657</subfield><subfield code='c'>U_BGmag</subfield></datafield><datafield ind1=' ' ind2=' ' tag='852'><subfield code='8'>2255919030005069</subfield><subfield code='j'>1</subfield><subfield code='h'>540459 II</subfield><subfield code='b'>LUBL_M</subfield><subfield code='p'>1001040845</subfield><subfield code='c'>10000</subfield><subfield code='z'>oprawa miękka</subfield></datafield><datafield ind1=' ' ind2=' ' tag='852'><subfield code='8'>22122379900007669</subfield><subfield code='j'>1</subfield><subfield code='b'>WA_392</subfield><subfield code='p'>365648</subfield><subfield code='c'>GEN</subfield></datafield><datafield ind1=' ' ind2=' ' tag='852'><subfield code='8'>22808128560008206</subfield><subfield code='j'>1</subfield><subfield code='b'>UOP</subfield><subfield code='p'>658092</subfield><subfield code='c'>MAG01</subfield></datafield><datafield ind1=' ' ind2=' ' tag='852'><subfield code='8'>22377826710006831</subfield><subfield code='j'>1</subfield><subfield code='h'>745279 II</subfield><subfield code='b'>BuKul</subfield><subfield code='p'>1001373423</subfield><subfield code='c'>BG_Magazyn</subfield></datafield><datafield ind1=' ' ind2=' ' tag='852'><subfield code='8'>22597762190005067</subfield><subfield code='j'>1</subfield><subfield code='h'>B 880173 I</subfield><subfield code='b'>BJ</subfield><subfield code='p'>1003114604</subfield><subfield code='c'>BJ_MAG</subfield></datafield><datafield ind1=' ' ind2=' ' tag='852'><subfield code='8'>22597762220005067</subfield><subfield code='j'>1</subfield><subfield code='h'>1.034.603 I A</subfield><subfield code='b'>BJ</subfield><subfield code='p'>1003114603</subfield><subfield code='c'>BJ_EGZ_A</subfield></datafield><datafield ind1=' ' ind2=' ' tag='852'><subfield code='8'>221041529440008831</subfield><subfield code='j'>1</subfield><subfield code='b'>5100-BUW</subfield><subfield code='p'>1001322661</subfield><subfield code='c'>10000</subfield></datafield><datafield ind1=' ' ind2=' ' tag='852'><subfield code='8'>221041529440008831</subfield><subfield code='j'>0</subfield><subfield code='b'>5100-BUW</subfield><subfield code='p'>1001339605</subfield><subfield code='c'>10000</subfield></datafield><datafield ind1=' ' ind2=' ' tag='852'><subfield code='b'>48OMNIS_UMKWT</subfield><subfield code='8'>991017052838306926</subfield></datafield><datafield ind1=' ' ind2=' ' tag='852'><subfield code='b'>48OMNIS_UMCS</subfield><subfield code='8'>991008974124707661</subfield></datafield><datafield ind1=' ' ind2=' ' tag='852'><subfield code='b'>48OMNIS_UKSW</subfield><subfield code='8'>991001790319707669</subfield></datafield><datafield ind1=' ' ind2=' ' tag='852'><subfield code='b'>48OMNIS_KUL</subfield><subfield code='8'>991008934369106831</subfield></datafield><datafield ind1=' ' ind2=' ' tag='852'><subfield code='b'>48OMNIS_UJA</subfield><subfield code='8'>991016794907205067</subfield></datafield><datafield ind1=' ' ind2=' ' tag='852'><subfield code='b'>48FAR_UGD</subfield><subfield code='8'>991004429159708343</subfield></datafield><datafield ind1=' ' ind2=' ' tag='852'><subfield code='8'>2260214230007663</subfield><subfield code='j'>1</subfield><subfield code='h'>1.038.852</subfield><subfield code='b'>ZNO-SZEW</subfield><subfield code='p'>1000305805</subfield><subfield code='c'>10000</subfield><subfield code='z'>Dar Jarosława Ławskiego i Anny Janickiej</subfield></datafield><datafield ind1=' ' ind2=' ' tag='852'><subfield code='8'>22710453460005066</subfield><subfield code='j'>1</subfield><subfield code='h'>3.210.494 A</subfield><subfield code='b'>BN_PL</subfield><subfield code='p'>30001031931258</subfield><subfield code='c'>bk1</subfield></datafield><datafield ind1=' ' ind2=' ' tag='852'><subfield code='b'>48OMNIS_UOW</subfield><subfield code='8'>991011416729708831</subfield></datafield><datafield ind1=' ' ind2=' ' tag='852'><subfield code='b'>48OMNIS_UOP</subfield><subfield code='8'>990009012320108206</subfield></datafield><datafield ind1=' ' ind2=' ' tag='920'><subfield code='a'>978-83-7657-412-7 (oprawa miękka ; Prymat)</subfield></datafield></record>
  </collection>
</resp>
